| 000 | 01747cam a2200229 4500 | ||
|---|---|---|---|
| 001 | 4092 | ||
| 005 | 20181127172612.0 | ||
| 008 | 060508s2007 nyu b 001 0 eng | ||
| 010 | _a 2006015356 | ||
| 020 | _a0307346250 | ||
| 020 | _a9780307346254 | ||
| 100 | 0 |
_aRinpoche, Yongey Mingyur _c _d1976- |
|
| 245 | 1 | 4 |
_aThe joy of living : _bunlocking the secret and science of happiness / _cYongey Mingyur Rinpoche with Eric Swanson ; foreword by Daniel Goleman. |
| 250 | _a1st ed. | ||
| 260 |
_aLondon : _bBantam Books, _c2007. |
||
| 300 |
_aix, 272 ; _c24 cm. |
||
| 504 | _aIncludes bibliographical references and index. | ||
| 520 | _aBuddhists have enjoyed the benefits of meditation for millennia. Here, renowned Buddhist teacher Yongey Mingyur invites us to join him in unlocking the secrets behind this practice. Working with neuroscientists at the Waisman Laboratory for Brain Imaging and Behavior, Yongey Mingyur provides insights into modern research indicating that systematic training in meditation can enhance activity in areas of the brain associated with happiness and compassion. He has also worked with physicists across the country to develop a scientifically based interpretation of the Buddhist understanding of the nature of reality. Yongey Mingyur weaves together the principles of Tibetan Buddhism, neuroscience, and quantum physics in a way that will change the way we understand the human experience. Using the basic meditation practices he provides, we can discover paths through everyday problems, transforming obstacles into opportunities to recognize the unlimited potential of our own minds.--From publisher description. | ||
| 650 | 0 |
_aReligious life _xBuddhism. |
|
| 700 | 1 | _aGoleman, Daniel. | |
| 700 | 1 | _aSwanson, Eric. | |
| 999 |
_c3351 _d3351 |
||